Statistics for 八社会

Click here to take the quiz!

General Stats

  • This quiz has been taken 11 times
  • The average score is 5 of 7

Answer Stats

Answer% Correct
東急ストア
100%
京急ストア
75%
京成ストア
75%
東武ストア
75%
京王ストア
63%
相鉄ローゼン
50%
よこまち
13%

Score Distribution

Percentile by Number Answered

Percent of People with Each Score

Your Score History

You have not taken this quiz